Sachsen-Anhalts Fußballvereine - Statistiken

Allgemein
  • Dieses Quiz wurde 59 mal gespielt
    15 seit der letzten Aktualisierung
  • Das Durchschnittsergebnis liegt bei 6 aus 8
Antwortstatistiken
Hint Antwort % Korrekt
2.Liga 1. FC Magdeburg
100%
Regionalliga 1. FC Magdeburg II
100%
Regionalliga Hallescher FC
100%
Oberliga Süd Germania Halberstadt
75%
Oberliga Süd Einheit Wernigerode
58%
Oberliga Süd Lok Stendal
58%
Oberliga Süd Union Sandersdorf
42%
Oberliga Süd Blau-Weiß Zorbau
17%
Keine übereinstimmenden Quizze gefunden
Verteilung der Resultate
Anzahl Personen mit jedem Resultat
Perzentil nach korrekt beantworteten Fragen
Ihre Resultats-Entwicklung
Sie haben dieses Quiz seit der letzten Aktualisierung nicht gespielt